=LDR 00000nam 2200000 4500 =001 INLIS000000000010788 =005 20190211083144 =035 ##$$a 0010-061300000010788 =008 190211###########################0#ind## =041 ##$$a Ind, Jepang =082 ##$$a 418 =090 ##$$a 418, Edi b =100 ##$$a Edizal =245 1#$$a Bahasa Indonesia (bahasa Indoneisia untuk orang Jepang), /$c oleh Edizal =260 ##$$a Jakarta :$b kesaint blanc,$c 1995 =300 ##$$a viii, 150 hlm, ; $c 21 cm =650 ##$$a Bahasa =650 ##$$a Indonesia- Jepang =850 ##$$a NBPNMAT =020 ##$$a 979-593-002-8 =084 ##$$a 418 EDI b =990 ##$$a 100.503/Pro-96 =990 ##$$a 00031347 =990 ##$$a 02420242 =990 ##$$a 69.342 pro.94 =990 ##$$a 100.503/Pro-96 =990 ##$$a 00031347